| 000 | 00518nam a22001697a 4500 | ||
|---|---|---|---|
| 003 | OSt | ||
| 005 | 20140310182403.0 | ||
| 008 | 131002t xxu||||| |||| 00| 0 eng d | ||
| 050 |
_aPZ 8.1 _b.G786 1923 |
||
| 082 |
_aGS 808.83 _bG79 1972 |
||
| 245 |
_aThe classics volland edition great children's stories / _billustrated by Frederick Richardson. |
||
| 260 |
_aNew York : _bCheckerd Board Press, _c1972 |
||
| 300 |
_a160 p. : _bill. col. ; _c30 cm. |
||
| 650 |
_aJuvenile _919009 |
||
| 942 |
_2lcc _cBK-GS |
||
| 999 |
_c12644 _d12644 |
||